| 000 | 00366nam a2200133Ia 4500 | ||
|---|---|---|---|
| 005 | 20251222141906.0 | ||
| 008 | 251222s9999||||xx |||||||||||||| ||spa|| | ||
| 020 | _a9786124628399 | ||
| 082 | _a348.54/M61 | ||
| 245 | 0 | _aCompendio de Normas e Instrumentos JurÃdicos en Materia de Fiscalización Ambiental | |
| 250 | _a1ra.ed. | ||
| 264 | _bLitho & Arte | ||
| 942 | _cLIB | ||
| 999 |
_c8217 _d8217 |
||